000
00302nam a2200121Ia 4500
008
190216s9999||||xx |||||||||||||| ||und||
100
_a
Sharma Rn
245
0
_a
Methodology Of Educational Research
260
_b
Surjeet Pubs.Delhi
_c
2005
300
_a
334
650
_a
Research Methodology
942
_c
BK
999
_c
6658
_d
6658